000
00318nam a2200121Ia 4500
005
20251222153622.0
008
251222s9999||||xx |||||||||||||| ||spa||
020
_a
9781616690380
082
_a
616.025/A53
245
0
_a
Libro del Estudiante de SVB/BLS para Profesionales de la Salud
250
_a
1ra.ed.
942
_c
LIB
999
_c
32013
_d
32013